[Event "ONJK 2017 A"]
[Site "Borne, Netherlands"]
[Date "2017.08.08"]
[Round "3"]
[White "Van der Hoeven, Carsten"]
[Black "De Boer, Sipke"]
[Result "1/2-1/2"]
[WhiteElo "1514"]
[BlackElo "1331"]
[PlyCount "115"]
[EventDate "2017.08.??"]

1. e4 d5 2. exd5 Qxd5 3. Nc3 Qa5 4. Nf3 Nf6 5. d4 Bg4 6. Bd2 c6 7. h3 Bh5 8. b4
Qc7 9. Bd3 Nbd7 10. O-O O-O-O 11. b5 c5 12. dxc5 Nxc5 13. b6 Qxb6 14. Be3 e5
15. Rb1 Qc6 16. Nxe5 Bxd1 17. Nxc6 bxc6 18. Rfxd1 Nxd3 19. cxd3 Rd7 20. Rdc1
Ba3 21. Rc2 Rxd3 22. Nb5 Kd7 23. Nxa7 Rd6 24. Bf4 Rd4 25. Rb7+ Ke6 26. Rxc6+
Kf5 27. Be3 Rd1+ 28. Kh2 Kg6 29. Nb5 Ra8 30. Rcc7 Bb2 31. Rxf7 Nd5 32. f4 Nxe3
33. Rfe7 Nf1+ 34. Kg1 Ng3+ 35. Kf2 Nf5 36. Re6+ Bf6 37. Nc3 Rc1 38. Ne2 Rxa2
39. Rd7 Rc4 40. Ke1 Ra1+ 41. Kf2 Ra2 42. Ke1 Ra1+ 43. Kd2 h5 44. g4 hxg4 45.
hxg4 Nh4 46. g5 Nf3+ 47. Kd3 Rd1+ 48. Kxc4 Rxd7 49. gxf6 gxf6 50. Nc3 Rd4+ 51.
Kb3 Rxf4 52. Kb2 Rb4+ 53. Ka3 Rb3+ 54. Kxb3 Nd4+ 55. Kc4 Nxe6 56. Kd3 f5 57.
Ne2 Kg5 58. Ke3 1/2-1/2

[Event "ONJK 2017 A"]
[Site "Borne, Netherlands"]
[Date "2017.08.08"]
[Round "3"]
[White "Weidema, Luuk"]
[Black "Godde, Matthias"]
[Result "0-1"]
[WhiteElo "1412"]
[BlackElo "1956"]
[PlyCount "86"]
[EventDate "2017.08.??"]

1. Nf3 Nf6 2. g3 g6 3. Bg2 Bg7 4. O-O O-O 5. c4 d6 6. Nc3 e5 7. Re1 Nc6 8. d3
h6 9. a3 Be6 10. b4 Qd7 11. Rb1 Bh3 12. e4 Nh5 13. Nd5 Bxg2 14. Kxg2 Ne7 15.
Nc3 f5 16. Nh4 Nf6 17. exf5 gxf5 18. f4 Rad8 19. Bd2 Qc6+ 20. Qf3 Qxf3+ 21.
Nxf3 Ng6 22. Nb5 c6 23. Nc3 Rfe8 24. Be3 exf4 25. gxf4 Nh5 26. Bxa7 Nhxf4+ 27.
Kg3 Bxc3 28. Rxe8+ Rxe8 29. d4 Re2 30. Rg1 Kh7 31. Bb8 Nh5+ 32. Kh3 Ngf4+ 33.
Kh4 Bxd4 34. Bxd6 Bf6+ 35. Rg5 hxg5+ 36. Nxg5+ Bxg5+ 37. Kxg5 Rg2+ 38. Kxf5
Rxh2 39. Bxf4 Nxf4 40. Kxf4 Ra2 41. Ke5 Rxa3 42. Kd4 b6 43. c5 b5 0-1

[Event "ONJK 2017 A"]
[Site "Borne, Netherlands"]
[Date "2017.08.08"]
[Round "3.1"]
[White "De Boer, Eelke"]
[Black "Damen, Jip"]
[Result "0-1"]
[WhiteElo "2190"]
[BlackElo "1994"]
[PlyCount "62"]
[EventDate "2017.08.??"]

1. e4 d5 2. exd5 Nf6 3. Bb5+ Nbd7 4. Nc3 a6 5. Be2 Nb6 6. d4 Nbxd5 7. Nxd5 Qxd5
8. Nf3 Bg4 9. c4 Qe4 10. O-O e6 11. h3 Bh5 12. Qa4+ Nd7 13. Be3 Qc6 14. Qxc6
bxc6 15. g4 Bg6 16. Nh4 Nf6 17. g5 Ng8 18. Nxg6 hxg6 19. Bf3 O-O-O 20. Kg2 Ne7
21. Rfd1 Nf5 22. c5 Nh4+ 23. Kg3 Nxf3 24. Kxf3 Rxh3+ 25. Kg4 Rh8 26. b4 Be7 27.
a4 Rh5 28. b5 Rdh8 29. bxc6 Rh3 30. Kf4 R8h4+ 31. Ke5 Rf3 0-1

[Event "ONJK 2017 A"]
[Site "Borne, Netherlands"]
[Date "2017.08.08"]
[Round "3.2"]
[White "Hilwerda, Jonas"]
[Black "Boudry, William"]
[Result "1-0"]
[WhiteElo "2132"]
[BlackElo "1965"]
[PlyCount "97"]
[EventDate "2017.08.??"]

1. e4 d6 2. d4 Nf6 3. Nc3 g6 4. h3 Bg7 5. g4 c5 6. d5 Na6 7. f4 Nc7 8. Nf3 b5
9. g5 Nd7 10. Bg2 Nb6 11. O-O h6 12. f5 gxf5 13. exf5 hxg5 14. Nxg5 b4 15. Nce4
Nbxd5 16. f6 Nxf6 17. Nxf6+ Bxf6 18. Bxa8 Nxa8 19. Qd5 e6 20. Qf3 Rh6 21. Ne4
Rg6+ 22. Kh2 Be5+ 23. Bf4 Qe7 24. Bxe5 dxe5 25. Nf6+ Kd8 26. Rad1+ Kc7 27. Qxa8
Rxf6 28. Qxa7+ Bb7 29. Qa5+ Kc8 30. Rxf6 Qxf6 31. Qxc5+ Kb8 32. Qd6+ Ka7 33.
Qc5+ Kb8 34. Qe3 Qf5 35. Rd8+ Kc7 36. Rd2 e4 37. Qg3+ e5 38. Rf2 Qe6 39. Qb3
Qxb3 40. axb3 Bd5 41. h4 Kd6 42. h5 e3 43. Re2 Bf3 44. h6 Be4 45. c3 bxc3 46.
bxc3 Bh7 47. Rxe3 f5 48. Rg3 e4 49. Kg2 1-0

[Event "ONJK 2017 A"]
[Site "Borne, Netherlands"]
[Date "2017.08.08"]
[Round "3.3"]
[White "Korten, Lando"]
[Black "De Bock, Thijs"]
[Result "1-0"]
[WhiteElo "2119"]
[BlackElo "1951"]
[PlyCount "65"]
[EventDate "2017.08.??"]

1. d4 Nf6 2. Nf3 g6 3. Bf4 Bg7 4. c3 O-O 5. Nbd2 d6 6. e3 c5 7. Be2 b6 8. O-O
Nh5 9. Bg3 Bb7 10. Qc2 Nxg3 11. hxg3 e5 12. dxc5 dxc5 13. Nc4 Qe7 14. e4 f5 15.
exf5 gxf5 16. Nh4 e4 17. Ne3 Qg5 18. Bc4+ Kh8 19. Bd5 Bc6 20. f4 exf3 21. Rxf3
f4 22. gxf4 Rxf4 23. Qf2 Be5 24. Rf1 Bxd5 25. Rxf4 Qxf4 26. Qxf4 Bxf4 27. Nxd5
Bg3 28. Rf8+ Kg7 29. Rc8 Be5 30. Nf3 Bg3 31. Ng5 a5 32. Ne4 Bh4 33. g3 1-0

[Event "ONJK 2017 A"]
[Site "Borne, Netherlands"]
[Date "2017.08.08"]
[Round "3.4"]
[White "Jongste, David"]
[Black "Van Malder, Dries"]
[Result "0-1"]
[WhiteElo "2005"]
[BlackElo "1916"]
[PlyCount "82"]
[EventDate "2017.08.??"]

1. e4 c5 2. Nf3 Nc6 3. Bb5 e6 4. O-O Nge7 5. Re1 a6 6. Bf1 d5 7. exd5 Nxd5 8.
d4 Be7 9. c4 Nf6 10. Be3 cxd4 11. Nxd4 Nxd4 12. Bxd4 O-O 13. Nc3 Bd7 14. Qb3
Bc6 15. Rad1 Qa5 16. Re5 Qc7 17. Rg5 h6 18. Rg3 Bd6 19. Rh3 e5 20. Bb6 Qe7 21.
Nd5 Bxd5 22. cxd5 Rac8 23. Rc3 Ne4 24. Rc4 Nf6 25. Rdc1 Qd7 26. Qc2 Ra8 27. Bd3
Nxd5 28. Bf5 Qe7 29. Bc5 Rfd8 30. Be4 Bxc5 31. Rxc5 Nb4 32. Qb3 Nxa2 33. R1c4
b5 34. g3 bxc4 35. Rxc4 Rac8 36. Qxa2 Rxc4 37. Qxc4 Qd6 38. Kg2 g6 39. g4 Qe6
40. Qe2 Rd4 41. Qf3 Qc4 0-1

[Event "ONJK 2017 A"]
[Site "Borne, Netherlands"]
[Date "2017.08.08"]
[Round "3.5"]
[White "Carpentier, Jannes"]
[Black "Pauwels, Xander"]
[Result "1/2-1/2"]
[WhiteElo "1896"]
[BlackElo "2099"]
[PlyCount "56"]
[EventDate "2017.08.??"]

1. b3 c5 2. Bb2 d6 3. e3 Nf6 4. c4 Nbd7 5. Nf3 e6 6. d4 a6 7. Nc3 Be7 8. Qc2 b6
9. Be2 Bb7 10. O-O O-O 11. Rad1 cxd4 12. Nxd4 Rc8 13. Qb1 Qc7 14. Bf3 Nc5 15.
Rfe1 Bxf3 16. Nxf3 Qb7 17. e4 Rfd8 18. Nd4 Bf8 19. f3 Ncd7 20. Qd3 Ne5 21. Qe3
Nc6 22. Nce2 b5 23. cxb5 axb5 24. Qg5 Nxd4 25. Nxd4 Rc5 26. Qg3 Nh5 27. Qg4 Nf6
28. Qg3 Nh5 1/2-1/2

[Event "ONJK 2017 A"]
[Site "Borne, Netherlands"]
[Date "2017.08.08"]
[Round "3.6"]
[White "Ortmeier, Leonard"]
[Black "Dubbeldam, Lydia"]
[Result "1/2-1/2"]
[WhiteElo "1956"]
[BlackElo "1735"]
[PlyCount "37"]
[EventDate "2017.08.??"]

1. e4 e6 2. d4 d5 3. Nc3 Nf6 4. exd5 exd5 5. Bd3 Bd6 6. Bg5 c6 7. Qd2 Be6 8.
Nge2 Nbd7 9. Nf4 Qc7 10. Nxe6 fxe6 11. Bxf6 Nxf6 12. Qe2 Qe7 13. O-O-O O-O-O
14. g3 e5 15. dxe5 Qxe5 16. f4 Qxe2 17. Nxe2 Rhe8 18. Rde1 Bc5 19. Nc3 1/2-1/2

[Event "ONJK 2017 A"]
[Site "Borne, Netherlands"]
[Date "2017.09.08"]
[Round "4"]
[White "Bekedam, Tyro"]
[Black "Holtel, Jasper"]
[Result "1-0"]
[WhiteElo "2042"]
[BlackElo "2244"]
[PlyCount "113"]
[EventDate "2017.08.??"]

1. e4 c5 2. Nf3 d6 3. d4 cxd4 4. Nxd4 Nf6 5. Nc3 a6 6. Be3 e5 7. Nb3 Be7 8. f3
Be6 9. Qd2 O-O 10. O-O-O a5 11. Kb1 a4 12. Nc1 Ra5 13. g4 d5 14. g5 Nxe4 15.
fxe4 d4 16. Bxd4 exd4 17. Qxd4 Qxd4 18. Rxd4 a3 19. h4 Nc6 20. Ra4 axb2 21.
Kxb2 Bd6 22. Bb5 Rxa4 23. Bxa4 Ne5 24. Bb3 Nc4+ 25. Bxc4 Bxc4 26. Nd5 Re8 27.
Nc3 Be5 28. Re1 g6 29. Nb3 Rc8 30. Re3 Kg7 31. Nd2 Bxa2 32. Kxa2 Rxc3 33. Rxc3
Bxc3 34. Nf3 f6 35. Kb3 Ba5 36. Kc4 Kf7 37. Kd5 Bc7 38. gxf6 Kxf6 39. e5+ Ke7
40. Ng5 h6 41. Ne4 Bb6 42. c4 Be3 43. Nd6 Bf2 44. Nxb7 Bxh4 45. c5 Bf2 46. Nd6
Be1 47. c6 Ba5 48. Nc8+ Ke8 49. e6 Bc7 50. Nd6+ Ke7 51. Nb5 Bb6 52. c7 Bxc7 53.
Nxc7 h5 54. Ke5 h4 55. Nd5+ Ke8 56. Kd6 h3 57. Nc7+ 1-0

[Event "ONJK 2017 A"]
[Site "Borne, Netherlands"]
[Date "2017.09.08"]
[Round "4"]
[White "Boekhoudt, Nicolien"]
[Black "Berghuis, Thomas"]
[Result "1-0"]
[WhiteElo "1274"]
[BlackElo "1427"]
[PlyCount "113"]
[EventDate "2017.08.??"]

1. e4 e5 2. Nf3 Nc6 3. c3 Nf6 4. d4 exd4 5. e5 Ng4 6. cxd4 d6 7. Bb5 a6 8.
Bxc6+ bxc6 9. h3 Nh6 10. O-O Nf5 11. Re1 Be7 12. Nc3 O-O 13. Bf4 Rb8 14. Qd2 h6
15. Ne4 d5 16. Nc5 Bxc5 17. dxc5 Qe7 18. Qc3 Nh4 19. Nxh4 Qxh4 20. Bg3 Qg5 21.
Re2 Rd8 22. Qf3 Rb5 23. Bf4 Qg6 24. Rc1 Bf5 25. a4 Rb4 26. b3 Be4 27. Qg3 Qxg3
28. Bxg3 Rxb3 29. f3 Bf5 30. Ra1 d4 31. Rd2 d3 32. Rc1 Rd4 33. a5 Ra3 34. e6
Bxe6 35. Bxc7 Rd7 36. Be5 f6 37. Bc3 Rd5 38. Bb4 Rb3 39. Bc3 Bf5 40. g4 Bg6 41.
f4 Be4 42. Ba1 Ra3 43. Kf2 Rxa5 44. Bb2 Rdxc5 45. Rxc5 Rxc5 46. Ke3 f5 47. Kd4
Rb5 48. Bc3 Rd5+ 49. Ke3 Kf7 50. Ra2 g5 51. fxg5 hxg5 52. Rxa6 Rc5 53. Kd4 f4
54. Kxc5 f3 55. Ra2 Ke6 56. Kd4 Bd5 57. Rd2 1-0

[Event "ONJK 2017 A"]
[Site "Borne, Netherlands"]
[Date "2017.09.08"]
[Round "4"]
[White "Boudry, William"]
[Black "Van Doren, Bas"]
[Result "1/2-1/2"]
[WhiteElo "1965"]
[BlackElo "1748"]
[PlyCount "84"]
[EventDate "2017.08.??"]

1. d4 f5 2. Nc3 d5 3. Bf4 a6 4. e3 Nf6 5. Bd3 e6 6. Nf3 c5 7. dxc5 Bxc5 8. O-O
O-O 9. Ne2 Nc6 10. a3 b5 11. Re1 Ne4 12. Nfd4 Nxd4 13. exd4 Bd6 14. f3 e5 15.
fxe4 fxe4 16. Bxe4 dxe4 17. Bxe5 Bg4 18. Bxd6 Qxd6 19. Qd2 Rae8 20. Ng3 Rf4 21.
h3 Bxh3 22. gxh3 Rf3 23. Nxe4 Qg6+ 24. Qg5 Qxg5+ 25. Nxg5 Rxe1+ 26. Rxe1 Rg3+
27. Kf2 Rxg5 28. Re6 a5 29. Re5 Rxe5 30. dxe5 Kf7 31. Kf3 Ke6 32. Kf4 h6 33. h4
g5+ 34. hxg5 hxg5+ 35. Kxg5 Kxe5 36. Kg4 Ke4 37. Kg3 Ke3 38. Kg2 Kd2 39. a4 b4
40. c4 bxc3 41. bxc3 Kxc3 42. Kf2 Kb3 1/2-1/2

[Event "ONJK 2017 A"]
[Site "Borne, Netherlands"]
[Date "2017.08.09"]
[Round "4"]
[White "De Boer, Sipke"]
[Black "Kratz, Alexander"]
[Result "1-0"]
[WhiteElo "1331"]
[BlackElo "1536"]
[PlyCount "105"]
[EventDate "2017.08.??"]

1. d4 e6 2. c4 Nf6 3. Nc3 Bb4 4. Nf3 c5 5. e3 b6 6. Bd3 Bb7 7. O-O cxd4 8. exd4
h6 9. Bd2 O-O 10. a3 Be7 11. Re1 d5 12. cxd5 Nxd5 13. Nxd5 Bxd5 14. Be4 Nc6 15.
Bc3 Rc8 16. Bxd5 Qxd5 17. Re3 Rfd8 18. Qd2 Rc7 19. Rd1 Rcd7 20. Ne5 Nxe5 21.
Rxe5 Qc4 22. g4 Bf6 23. Re4 e5 24. Qe3 Kh7 25. d5 Qb3 26. Re1 Bg5 27. Qd3 Rxd5
28. Rd4+ g6 29. Rxd5 Rxd5 30. Qa6 Rd1 31. Qxa7 Rxe1+ 32. Bxe1 Kg7 33. Bc3 Qd1+
34. Kg2 Qxg4+ 35. Kf1 Qh3+ 36. Ke2 Qe6 37. Qc7 Bf6 38. a4 e4 39. a5 bxa5 40.
Qxa5 Bxc3 41. Qxc3+ Qf6 42. Ke3 Qxc3+ 43. bxc3 f5 44. Kd4 Kf7 45. Ke5 Ke7 46.
h4 h5 47. c4 Kd7 48. Kd5 Kc7 (48... g5 {0-1}) 49. Kc5 f4 50. Kd4 e3 51. fxe3 f3
52. Kd3 Kc6 53. e4 1-0

[Event "ONJK 2017 A"]
[Site "Borne, Netherlands"]
[Date "2017.09.08"]
[Round "4"]
[White "De Waele, Warre"]
[Black "Bosma, Jan"]
[Result "1-0"]
[WhiteElo "2168"]
[BlackElo "1673"]
[PlyCount "129"]
[EventDate "2017.08.??"]

1. Nf3 d5 2. d4 e6 3. c4 c5 4. cxd5 exd5 5. Nc3 Nc6 6. g3 Nf6 7. Bg2 Be7 8. O-O
O-O 9. dxc5 Bxc5 10. Na4 Be7 11. b3 Ne4 12. Bb2 Be6 13. Rc1 Bf6 14. Nd4 Nxd4
15. Bxd4 Qd7 16. Nc5 Nxc5 17. Rxc5 Be7 18. Rc1 Ba3 19. Ra1 Rfc8 20. Qd2 h6 21.
Bb2 Bxb2 22. Qxb2 Bh3 23. Rfd1 Bxg2 24. Kxg2 Qe6 25. Rd2 Rc5 26. Rad1 Rac8 27.
Qd4 a6 28. e3 R8c7 29. Qf4 Qe4+ 30. Qf3 Rc2 31. h4 Kh7 32. Rxc2 Rxc2 33. Qxe4+
dxe4 34. Rd7 b5 35. a4 bxa4 36. bxa4 Ra2 37. Rd4 f5 38. h5 Kg8 39. g4 f4 40.
Kg1 Ra1+ 41. Kg2 Ra2 42. exf4 e3 43. Kf3 exf2 44. Kg2 Kf7 45. Rd7+ Kf8 46. Rd4
Ke7 47. Rb4 Kf7 48. Kf1 a5 49. Re4 Kf6 50. Rd4 Ke6 51. Re4+ Kd5 52. Re5+ Kd4
53. Re7 Kd3 54. g5 Rxa4 55. g6 Rxf4 56. Rxg7 Ke3 57. Re7+ Kd4 58. Rf7 Rg4 59.
Rf5 a4 60. Kxf2 Kc3 61. Rf3+ Kc2 62. Ra3 Kb2 63. Kf3 Rg1 64. Rxa4 Kc3 65. Rg4
1-0

[Event "ONJK 2017 A"]
[Site "Borne, Netherlands"]
[Date "2017.09.08"]
[Round "4"]
[White "Dubbeldam, Lydia"]
[Black "Dauw, Sterre"]
[Result "1/2-1/2"]
[WhiteElo "1735"]
[BlackElo "1958"]
[PlyCount "48"]
[EventDate "2017.08.??"]

1. e4 c5 2. Nf3 d6 3. d4 cxd4 4. Nxd4 Nf6 5. Nc3 a6 6. a4 e5 7. Nf3 Nc6 8. Bc4
Be7 9. O-O O-O 10. Re1 h6 11. h3 Be6 12. Bd5 Bxd5 13. Nxd5 Nxd5 14. Qxd5 Rc8
15. Bd2 Qb6 16. Bc3 Kh8 17. a5 Qc7 18. Nd2 Bg5 19. Nf3 Be7 20. Nd2 Nd8 21. Ra4
Ne6 22. Nc4 Nf4 23. Qd1 f6 24. Nb6 Rcd8 1/2-1/2

[Event "ONJK 2017 A"]
[Site "Borne, Netherlands"]
[Date "2017.09.08"]
[Round "4"]
[White "Hofstra, Tijmen"]
[Black "Van Roon, Sjoerd"]
[Result "0-1"]
[WhiteElo "1551"]
[BlackElo "1894"]
[PlyCount "56"]
[EventDate "2017.08.??"]

1. e4 d5 2. exd5 Qxd5 3. Nc3 Qa5 4. Bc4 Nf6 5. d3 Bf5 6. Bd2 c6 7. Ne4 Qc7 8.
Nxf6+ exf6 9. Nf3 Be7 10. Qe2 O-O 11. O-O Bd6 12. Nd4 Bd7 13. h3 Be5 14. Nf3
Bxb2 15. Rab1 Re8 16. Qxe8+ Bxe8 17. Rxb2 Nd7 18. Re1 b5 19. Bxb5 cxb5 20. Rxb5
Ne5 21. Ba5 Nxf3+ 22. gxf3 Qf4 23. Rc5 h6 24. Bc7 Qxf3 25. Bg3 Bc6 26. Kf1 Qh1+
27. Ke2 Re8+ 28. Kd2 Qxe1# 0-1

[Event "ONJK 2017 A"]
[Site "Borne, Netherlands"]
[Date "2017.09.08"]
[Round "4"]
[White "Knudsen, Simon"]
[Black "De Jong, Eliza"]
[Result "1-0"]
[WhiteElo "1964"]
[BlackElo "1610"]
[PlyCount "29"]
[EventDate "2017.08.??"]

1. e4 e5 2. Nf3 Nc6 3. Bc4 Bc5 4. b4 Bxb4 5. c3 Bc5 6. d4 exd4 7. O-O Nge7 8.
cxd4 Bb6 9. Ng5 O-O 10. Qh5 h6 11. Nxf7 Rxf7 12. Bxf7+ Kf8 13. Bb3 Qe8 14. Qf3+
Qf7 15. Qxf7# 1-0

[Event "ONJK 2017 A"]
[Site "Borne, Netherlands"]
[Date "2017.09.08"]
[Round "4"]
[White "Koning, Femke"]
[Black "Teschler, Ansgar"]
[Result "1-0"]
[WhiteElo "1456"]
[BlackElo "1791"]
[PlyCount "91"]
[EventDate "2017.08.??"]

1. e4 c5 2. Nf3 d6 3. Bc4 Nf6 4. d3 Nc6 5. O-O Bg4 6. h3 Bh5 7. Bf4 Nd4 8. Nbd2
b5 9. Bd5 Nxd5 10. exd5 e5 11. dxe6 fxe6 12. c3 Nxf3+ 13. Nxf3 Be7 14. Qe2 e5
15. Bg3 O-O 16. Qe4 Bxf3 17. gxf3 Bg5 18. Qg4 Qf6 19. a4 a6 20. Kg2 b4 21. c4
Qf5 22. Qxf5 Rxf5 23. Rae1 Raf8 24. h4 Bh6 25. f4 Bxf4 26. Bxf4 Rxf4 27. Re4
Rxe4 28. dxe4 Rf4 29. f3 Rxh4 30. Rd1 Rh6 31. b3 Kf7 32. Kg3 Ke6 33. Kg2 a5 34.
Kg3 Rf6 35. Rh1 Rg6+ 36. Kf2 h6 37. Rd1 Kf7 38. Rh1 Rg5 39. Rd1 Ke6 40. Rh1 h5
41. Rh2 Ke7 42. Rh1 Kf7 43. Rd1 Rg6 44. Rh1 Rh6 45. Rh4 g5 46. Rh1 {Tijd?} 1-0

[Event "ONJK 2017 A"]
[Site "Borne, Netherlands"]
[Date "2017.09.08"]
[Round "4"]
[White "Lansink, Jelmer"]
[Black "Van der Hoeven, Carsten"]
[Result "0-1"]
[WhiteElo "1144"]
[BlackElo "1514"]
[PlyCount "49"]
[EventDate "2017.08.??"]

1. e4 d6 2. Nf3 Nf6 3. Nc3 g6 4. d4 Bg7 5. Bd3 c6 6. Bg5 Bg4 7. h3 Bxf3 8. Qxf3
O-O 9. O-O b5 10. a3 a5 11. Rfe1 Qb6 12. d5 b4 13. Ne2 Nbd7 14. axb4 axb4 15.
c3 Ne5 16. Qg3 Nh5 17. Qh4 Nxd3 18. g4 Nxe1 19. Rxe1 Nf6 20. Ng3 bxc3 21. Nf5
gxf5 22. gxf5 cxb2 23. Qg3 Ra1 24. Bh6 Rxe1+ 25. Kh2 0-1

[Event "ONJK 2017 A"]
[Site "Borne, Netherlands"]
[Date "2017.09.08"]
[Round "4"]
[White "Limberg, Thomas"]
[Black "Weidema, Luuk"]
[Result "1/2-1/2"]
[WhiteElo "1753"]
[BlackElo "1412"]
[PlyCount "34"]
[EventDate "2017.08.??"]

1. d4 e6 2. c4 d5 3. Nf3 Nf6 4. g3 c5 5. Bg2 Nc6 6. O-O dxc4 7. Ne5 Nxe5 8.
dxe5 Nd7 9. f4 Rb8 10. Qa4 a6 11. Qxc4 b5 12. Qc2 c4 13. Be3 Qc7 14. b3 Bc5 15.
Bf2 cxb3 16. Qxb3 Bxf2+ 17. Rxf2 Qc1+ 1/2-1/2

[Event "ONJK 2017 A"]
[Site "Borne, Netherlands"]
[Date "2017.09.08"]
[Round "4"]
[White "Ramacker, Quinten"]
[Black "Ortmeier, Leonard"]
[Result "0-1"]
[WhiteElo "1981"]
[BlackElo "1956"]
[PlyCount "58"]
[EventDate "2017.08.??"]

1. e4 c5 2. Nf3 Nc6 3. d4 cxd4 4. Nxd4 e5 5. Nb5 a6 6. Nd6+ Bxd6 7. Qxd6 Qf6 8.
Qc7 Nge7 9. Nc3 O-O 10. Be3 b5 11. O-O-O Nd4 12. h4 b4 13. Na4 Nec6 14. f4 Qe6
15. b3 Ra7 16. Qb6 Rb7 17. Qxa6 Rb5 18. f5 Qe7 19. Qxb5 Nxb5 20. Bxb5 Nd4 21.
Kb1 Nxb5 22. Rd5 Na3+ 23. Kb2 d6 24. Rhd1 Qxh4 25. Rxd6 Qxe4 26. R1d3 Bxf5 27.
Rd8 f6 28. Bc5 Rxd8 29. Rxd8+ Kf7 0-1

[Event "ONJK 2017 A"]
[Site "Borne, Netherlands"]
[Date "2017.09.08"]
[Round "4"]
[White "Schelleman, Niels"]
[Black "Langie, Jeroen"]
[Result "0-1"]
[WhiteElo "1427"]
[BlackElo "1432"]
[PlyCount "72"]
[EventDate "2017.08.??"]

1. e4 c6 2. d4 d5 3. e5 Bf5 4. Nf3 e6 5. Bd3 Bxd3 6. Qxd3 c5 7. c3 Nc6 8. Be3
c4 9. Qc2 b5 10. Nbd2 a5 11. b3 Nge7 12. O-O Ng6 13. bxc4 bxc4 14. Qa4 Qc7 15.
Bg5 h6 16. Bh4 Nxh4 17. Nxh4 Be7 18. Nhf3 Qd7 19. Qc2 a4 20. Rab1 O-O 21. Rfd1
a3 22. h3 Na7 23. Rb6 Rfb8 24. Rdb1 Nb5 25. Rxb8+ Rxb8 26. Nf1 Qa7 27. Ne3 Qa5
28. Nd2 Rc8 29. Nd1 Bg5 30. g3 Nxd4 31. cxd4 Qxd2 32. Qxd2 Bxd2 33. Ne3 f6 34.
exf6 gxf6 35. Rd1 c3 36. Nc2 Rb8 0-1

[Event "ONJK 2017 A"]
[Site "Borne, Netherlands"]
[Date "2017.09.08"]
[Round "4"]
[White "Schuttevaer, Tim"]
[Black "Maerevoet, Sim"]
[Result "0-1"]
[WhiteElo "1628"]
[BlackElo "2085"]
[PlyCount "108"]
[EventDate "2017.08.??"]

1. e4 c5 2. Nf3 d6 3. d4 cxd4 4. Nxd4 Nf6 5. Nc3 a6 6. Be2 e5 7. Nf3 Be7 8. O-O
b5 9. Nd5 Bb7 10. c4 Bxd5 11. exd5 bxc4 12. Qa4+ Nbd7 13. Bxc4 O-O 14. Be3 Nb6
15. Bxb6 Qxb6 16. Bb3 Rac8 17. Rac1 Qa7 18. Rc6 Rxc6 19. dxc6 e4 20. Nd4 d5 21.
Rc1 Bc5 22. Rd1 Rc8 23. Kh1 g6 24. h3 Kg7 25. Rd2 Bxd4 26. Rxd4 Rxc6 27. Rxd5
Qc7 28. Rd1 Rc5 29. Kg1 a5 30. Qd4 Rg5 31. Re1 Rc5 32. g3 Rc1 33. Rxc1 Qxc1+
34. Kg2 Qc6 35. Kh2 Qd7 36. Qc3 Qa7 37. Qd2 Qc5 38. a3 Qb5 39. Qd1 a4 40. Bxa4
Qxb2 41. Qc2 Qxa3 42. Bc6 Qf3 43. Kg1 h5 44. h4 Qf5 45. f4 Qa5 46. Kg2 Qe1 47.
Qf2 Qc1 48. Bb5 Qc3 49. f5 Ng4 50. Qe2 Ne3+ 51. Kf2 Nxf5 52. Qxe4 Qc5+ 53. Kg2
Qxb5 54. Qc2 Ne3+ 0-1

[Event "ONJK 2017 A"]
[Site "Borne, Netherlands"]
[Date "2017.09.08"]
[Round "4"]
[White "Weber, Jannis"]
[Black "Kanbier, Max"]
[Result "1/2-1/2"]
[WhiteElo "1878"]
[BlackElo "1849"]
[PlyCount "92"]
[EventDate "2017.08.??"]

1. e4 e5 2. Nf3 Nc6 3. Bc4 Bc5 4. Nc3 a6 5. Ne2 Qe7 6. Ng3 d6 7. c3 Nf6 8. O-O
b5 9. Bb3 O-O 10. d3 Be6 11. Bc2 d5 12. Qe2 dxe4 13. Nxe4 h6 14. d4 Bc4 15.
Nxf6+ Qxf6 16. Qe4 Rfe8 17. dxc5 Bxf1 18. Kxf1 Rad8 19. Be3 Kf8 20. Nh4 Na5 21.
c6 Qxc6 22. Qb4+ Kg8 23. Qxa5 Qc4+ 24. Kg1 Qxh4 25. Qxc7 Qg4 26. f3 Qc8 27.
Qxc8 Rxc8 28. Bd3 Red8 29. Be2 f5 30. g3 g5 31. f4 exf4 32. gxf4 Re8 33. Kf2
gxf4 34. Rg1+ Kh7 35. Bxf4 Rc5 36. Bh5 Re6 37. Rd1 Re4 38. Rd7+ Kh8 39. Kf3 b4
40. Bg6 bxc3 41. Bxh6 Rc8 42. Bg7+ Kg8 43. Bxc3 Rh4 44. Kg3 Rg4+ 45. Kf3 Rxg6
46. Kf4 Rg2 1/2-1/2

[Event "ONJK 2017 A"]
[Site "Borne, Netherlands"]
[Date "2017.09.08"]
[Round "4"]
[White "Wensing, Maximilian"]
[Black "Stemmler, Fabian"]
[Result "0-1"]
[WhiteElo "1956"]
[BlackElo "1989"]
[PlyCount "66"]
[EventDate "2017.08.??"]

1. e4 e5 2. Nf3 Nc6 3. Bc4 Nf6 4. d3 Bc5 5. O-O d6 6. c3 Bg4 7. Re1 O-O 8. h3
Be6 9. Bb3 Re8 10. Be3 Bb6 11. Nbd2 d5 12. Bxb6 axb6 13. Ng5 d4 14. Nxe6 fxe6
15. cxd4 Nxd4 16. Nf3 Nxf3+ 17. Qxf3 Qd4 18. Rac1 c5 19. g4 Rad8 20. Red1 Re7
21. Rc2 Rf8 22. Qe3 Qd6 23. Rf1 Nd7 24. Bc4 Rf4 25. Bb5 Nf8 26. b4 cxb4 27. Rd1
Qd8 28. Rdc1 Ref7 29. Qg3 Rf3 30. Qg2 Qh4 31. Be8 R7f4 32. Kf1 Rxh3 33. Re1 Rh2
0-1

[Event "ONJK 2017 A"]
[Site "Borne, Netherlands"]
[Date "2017.08.09"]
[Round "4.1"]
[White "Damen, Jip"]
[Black "Hilwerda, Jonas"]
[Result "1/2-1/2"]
[WhiteElo "1994"]
[BlackElo "2132"]
[PlyCount "115"]
[EventDate "2017.08.??"]

1. Nf3 f5 2. c4 Nf6 3. Nc3 g6 4. e3 Bg7 5. Be2 O-O 6. h4 d6 7. d4 Nc6 8. d5 Ne5
9. h5 Nxf3+ 10. Bxf3 g5 11. h6 Bh8 12. g3 g4 13. Bg2 e5 14. dxe6 Bxe6 15. Qd3
Nd7 16. b3 Ne5 17. Qc2 Qf6 18. Bb2 c6 19. O-O-O Rfd8 20. Kb1 Bf7 21. Ne2 Rd7
22. Nf4 Rad8 23. e4 Bg6 24. Rh4 Qf7 25. Re1 Re8 26. Re3 Bf6 27. exf5 Bxh4 28.
fxg6 hxg6 29. gxh4 Qxf4 30. Bxe5 Rxe5 31. Qxg6+ Kh8 32. Rxe5 Qxe5 33. Be4 Re7
34. Bc2 Qc3 35. Qxg4 Qe1+ 36. Kb2 Qe5+ 37. Ka3 Re8 38. h5 a5 39. Qg6 Qe7 40. f4
Rf8 41. Qg4 d5+ 42. Kb2 Qf6+ 43. Ka3 Qd6+ 44. Kb2 Qxh6 45. cxd5 cxd5 46. Qg5
Qf6+ 47. Ka3 Qxf4 48. Qg6 Qb4+ 49. Kb2 Qd4+ 50. Ka3 Qg7 51. Qe6 d4 52. h6 Qf7
53. Qe4 b5 54. Qe5+ Qf6 55. Qxb5 Qxh6 56. Kb2 Qg7 57. Qh5+ Kg8 58. Qd5+ 1/2-1/2

[Event "ONJK 2017 A"]
[Site "Borne, Netherlands"]
[Date "2017.08.09"]
[Round "4.2"]
[White "Van Malder, Dries"]
[Black "Korten, Lando"]
[Result "1/2-1/2"]
[WhiteElo "1916"]
[BlackElo "2119"]
[PlyCount "65"]
[EventDate "2017.08.??"]

1. d4 Nf6 2. c4 g6 3. Nc3 Bg7 4. g3 O-O 5. Bg2 d6 6. Nf3 c6 7. O-O Bf5 8. Nh4
Be6 9. Qd3 d5 10. b3 Ne4 11. Bb2 f5 12. cxd5 cxd5 13. Rac1 Nc6 14. Nf3 g5 15.
e3 f4 16. exf4 gxf4 17. Nxe4 dxe4 18. Qxe4 Bd5 19. Qe2 fxg3 20. fxg3 Bxf3 21.
Rxf3 Rxf3 22. Bxf3 Nxd4 23. Qc4+ e6 24. Bxb7 Rb8 25. Bg2 Qb6 26. Bxd4 Qxd4+ 27.
Qxd4 Bxd4+ 28. Kh1 Rf8 29. Rf1 Rc8 30. Bh3 Rc6 31. Kg2 Rc2+ 32. Kf3 e5 33. Ke4
1/2-1/2

[Event "ONJK 2017 A"]
[Site "Borne, Netherlands"]
[Date "2017.08.09"]
[Round "4.3"]
[White "Terhuven, Patrick"]
[Black "Carpentier, Jannes"]
[Result "1-0"]
[WhiteElo "2121"]
[BlackElo "1896"]
[PlyCount "69"]
[EventDate "2017.08.??"]

1. d4 b6 2. Nf3 Bb7 3. g3 e6 4. Bg2 f5 5. O-O Nf6 6. c4 Be7 7. Nc3 O-O 8. b3 d6
9. Bb2 Ne4 10. Qc2 Nd7 11. Nd2 d5 12. f3 Nxc3 13. Bxc3 f4 14. Bh3 Rf6 15. gxf4
Bd6 16. e3 Rh6 17. Bg4 Qh4 18. Rf2 g5 19. Rg2 Kf7 20. cxd5 Bxd5 21. Ne4 gxf4
22. Nxd6+ cxd6 23. e4 Bb7 24. Bb4 Rc8 25. Qd2 Rf6 26. d5 Nc5 27. dxe6+ Ke7 28.
Rd1 Rd8 29. Bxc5 bxc5 30. Qa5 Bc8 31. Qc7+ Ke8 32. e7 Rd7 33. Qxc8+ Kxe7 34.
Qxd7+ Kf8 35. Be6 1-0